Trois siècles d'obéissance militaire 1650-1963

Gespeichert in:
Bibliographische Detailangaben
1. Verfasser: Juin, Alphonse
Format: Buch
Sprache:Undetermined
Veröffentlicht: Paris Plon 1964
Schlagworte:
Tags: Tag hinzufügen
Keine Tags, Fügen Sie den ersten Tag hinzu!
Thư viện lưu trữ: Trung tâm Học liệu Trường Đại học Cần Thơ
LEADER 00471nam a2200181Ia 4500
001 CTU_109122
008 210402s9999 xx 000 0 und d
082 |a 944 
082 |b J93 
100 |a Juin, Alphonse 
245 0 |a Trois siècles d'obéissance militaire 1650-1963 
245 0 |c Alphonse Juin 
260 |a Paris 
260 |b Plon 
260 |c 1964 
650 |a France. armée 
904 |i Giang 
980 |a Trung tâm Học liệu Trường Đại học Cần Thơ